Aquatic hypoxia is a teratogen and affects fish embryonic development /

সংরক্ষণ করুন:
গ্রন্থ-পঞ্জীর বিবরন
প্রধান লেখক: Shang, Eva H. H.
অন্যান্য লেখক: Wu, Rudolf S. S.
বিন্যাস: প্রবন্ধ
ভাষা:English
বিষয়গুলি:
ট্যাগগুলো: ট্যাগ যুক্ত করুন
কোনো ট্যাগ নেই, প্রথমজন হিসাবে ট্যাগ করুন!
Thư viện lưu trữ: Thư viện Trường Đại học Đà Lạt
LEADER 00936nam a2200325 4500
001 DLU090094939
005 ##20091201
040 # # |a DLU  |b eng 
041 # # |a eng 
044 # # |a us 
100 # # |a Shang, Eva H. H. 
245 # # |a Aquatic hypoxia is a teratogen and affects fish embryonic development /  |c Eva H. H. Shang, Rudolf S. S. Wu. 
653 # # |a Apoptosis 
653 # # |a Aquatic environment 
653 # # |a Hypoxia 
653 # # |a Malformation 
653 # # |a Oxygen 
653 # # |a Teratogen 
653 # # |a Toxicity 
700 # # |a Wu, Rudolf S. S. 
773 # # |t Environmental Science & Technology  |g Vol. 38, no. 18 (September 2004), p. 4763-4767 
920 # # |a Phòng Tạp chí -- Trung tâm Thông tin - Thư viện Trường Đại học Đà Lạt 
994 # # |a DLU 
900 # # |a True 
911 # # |a Trương Bảo Trâm Anh 
925 # # |a G 
926 # # |a A 
927 # # |a BB 
980 # # |a Thư viện Trường Đại học Đà Lạt